| Record ID | ia:seiarietteconacc00marc |
| Source | Internet Archive |
| Download MARC XML | https://archive.org/download/seiarietteconacc00marc/seiarietteconacc00marc_marc.xml |
| Download MARC binary | https://www.archive.org/download/seiarietteconacc00marc/seiarietteconacc00marc_meta.mrc |
LEADER: 00460 cm a2200133 a 45 0
008 000000s1810 xx zza n zxx d
035 $ace/s,rlin,oclc;PRATT;ask-tbo.
100 1 $aMarchesi, Luigi,$d1754-1829.
245 10 $aSei ariette :$bcon accompagnamento di arpa, or piano forte /$cMarchesi.
260 $a[S.l. :$bs.n.,$c[1810?]
300 $a1 score (28 p.)
500 $aManuscript score from the beginning of the 19th century.
590 $aPratt Harp Collection.
596 $a7